| 000 | 00761nam a2200241 a 4500 | ||
|---|---|---|---|
| 001 | 000024975 | ||
| 005 | 20200930023502.0 | ||
| 008 | 110201s1970 sp r 000 0 spa d | ||
| 040 |
_aDO-SdBNP _bspa _cBNPHU |
||
| 041 | 1 | 7 |
_aspa _hfre _2Código de idiomas MARC |
| 082 |
_ann* _bnn* |
||
| 100 | 1 |
_aVial, M. _951246 |
|
| 240 | 1 | 4 |
_aLes mauvais éléves. _lEspañol |
| 245 | 1 | 4 |
_aLos malos alumnos / _cVial, Plaisance y Beauvais ; prólogo de René Diatkine. |
| 260 |
_aMadrid : _bNarcea, _c1970. |
||
| 300 |
_a190 p. ; _c19 cm. |
||
| 534 |
_aTítulo original : _tLes mauvais éléves |
||
| 504 | _aBibliografía : 189-190 p. | ||
| 700 | 1 |
_aDiatkine, René, _epról. _951247 |
|
| 700 | 1 |
_aPlaisance, E. _951248 |
|
| 700 | 1 |
_aBeauvais, J. _951249 |
|
| 049 | _aBNGR | ||
| 999 |
_c24468 _d24468 |
||